| 000 | 00000nam 2200000zi 4500 |
| 001 | 9.896910 |
| 003 | CaOODSP |
| 005 | 20240405160230 |
| 006 | m o d f |
| 007 | cr |n||||||||| |
| 008 | 210225e198609##onc or f000 0|eng d |
| 040 | |aCaOODSP|beng|erda|cCaOODSP |
| 043 | |an-cn--- |
| 086 | 1 |aC23-203/1986E-PDF |
| 245 | 00|aCanadian commercial fishing equipment manufacturers directory. |
| 264 | 1|a[Ottawa] : |bAutomotive, Marine & Rail Branch, Department of Regional Industrial Expansion, |cSeptember 1986. |
| 300 | |a1 online resource (13, 40 pages) |
| 336 | |atext|btxt|2rdacontent |
| 337 | |acomputer|bc|2rdamedia |
| 338 | |aonline resource|bcr|2rdacarrier |
| 500 | |aDigitized edition from print [produced by Innovation, Science and Economic Development Canada]. |
| 500 | |aIssued also in French under title: Répertoire des fabricants canadiens d'équipement de pêche commerciale. |
| 650 | 0|aFisheries|zCanada|xEquipment and supplies|vDirectories. |
| 655 | 7|aDirectories|2lcgft |
| 710 | 1 |aCanada. |bDepartment of Regional Industrial Expansion, |eissuing body. |
| 775 | 08|tRépertoire des fabricants canadiens d'équipement de pêche commerciale.|w(CaOODSP)9.936428 |
| 856 | 40|qPDF|s1.14 MB|uhttps://publications.gc.ca/collections/collection_2024/isde-ised/c23/C23-203-1986-eng.pdf |